| 000 | 00415nam a2200145 a 4500 | ||
|---|---|---|---|
| 005 | 20140310183149.0 | ||
| 008 | 030415s19uu xx 00 eng d | ||
| 020 | _a0304290947 | ||
| 050 |
_aPN 41 _b.C344 1973 |
||
| 245 |
_aCassell's Encyclopedia of World Literature / _cS.H. Steinberg, editor. |
||
| 260 |
_aNew York : _bFunk & Wagnalls, _c1973. |
||
| 300 |
_a836 p. : _c25 cm. |
||
| 942 |
_cBK _2lcc |
||
| 999 |
_c19631 _d19631 |
||